Cleaner Production Assessment in Meat Processing
United Nations Environment Programme Division of Technology, Industry and Economics
Đã lưu trong:
| Príomhúdar: | |
|---|---|
| Formáid: | Leabhar |
| Teanga: | Undetermined |
| Foilsithe: |
[k.xđ]
[k.xđ]
[k.xđ]
|
| Ábhair: | |
| Rochtain Ar Líne: | http://lrc.tdmu.edu.vn/opac/search/detail.asp?aID=2&ID=29689 |
| Clibeanna: |
Cuir Clib Leis
Gan Chlibeanna, Bí ar an gcéad duine leis an taifead seo a chlibeáil!
|
| Thư viện lưu trữ: | Trung tâm Học liệu Trường Đại học Thủ Dầu Một |
|---|
| LEADER | 00924nam a2200205Ia 4500 | ||
|---|---|---|---|
| 001 | TDMU_29689 | ||
| 008 | 210410s9999 xx 000 0 und d | ||
| 082 | |a 720 | ||
| 090 | |b C435 | ||
| 100 | |a COWI Consulting Engineers and Planners AS, Denmark | ||
| 245 | 0 | |a Cleaner Production Assessment in Meat Processing | |
| 245 | 0 | |c COWI Consulting Engineers and Planners AS, Denmark | |
| 260 | |a [k.xđ] | ||
| 260 | |b [k.xđ] | ||
| 260 | |c [k.xđ] | ||
| 300 | |a 83 pp | ||
| 520 | |a United Nations Environment Programme Division of Technology, Industry and Economics | ||
| 650 | |a Industrial Management |x Cleaner Production Assessment |x Meat Processing; Quản lý công nghiệp |x Sản xuất sạch hơn |x Thịt; Môi trường |x Thực phẩm sạch |x Xử lý thịt | ||
| 856 | |u http://lrc.tdmu.edu.vn/opac/search/detail.asp?aID=2&ID=29689 | ||
| 980 | |a Trung tâm Học liệu Trường Đại học Thủ Dầu Một | ||